Đối thoại với các nền văn hoá Myanmar
Giới thiệu điều kiện tự nhiên, nguồn gốc dân tộc, lịch sử, kinh tế, ngôn ngữ, tôn giáo, phong tục, lễ hội, tập quán lối sống ở đất nước Myanmar
Đã lưu trong:
| Údair Eile: | |
|---|---|
| Formáid: | Leabhar |
| Teanga: | Vietnamese |
| Foilsithe: |
Tp. Hồ Chí Minh
Nxb. Trẻ
2004
|
| Ábhair: | |
| Clibeanna: |
Cuir Clib Leis
Gan Chlibeanna, Bí ar an gcéad duine leis an taifead seo a chlibeáil!
|
| Thư viện lưu trữ: | Mạng thư viện Đại học Đà Nẵng |
|---|
| LEADER | 01276nam a2200325 4500 | ||
|---|---|---|---|
| 001 | 000006920 | ||
| 003 | 3080 | ||
| 005 | 20110927160923.0 | ||
| 008 | 110923s2004 viesd | ||
| 020 | |c 15500đ | ||
| 041 | 0 | |a vie | |
| 082 | |a 306.09591 |b Đôi | ||
| 245 | 0 | |a Đối thoại với các nền văn hoá Myanmar |c Trịnh Huy Hoá biên dịch | |
| 260 | |a Tp. Hồ Chí Minh |b Nxb. Trẻ |c 2004 | ||
| 300 | |a 169 tr |b ảnh, bản đồ |c 20 cm | ||
| 520 | |a Giới thiệu điều kiện tự nhiên, nguồn gốc dân tộc, lịch sử, kinh tế, ngôn ngữ, tôn giáo, phong tục, lễ hội, tập quán lối sống ở đất nước Myanmar | ||
| 653 | |a Văn hoá dân tộc | ||
| 653 | |a Mianma | ||
| 700 | |a Trịnh Huy Hoá |e dịch | ||
| 910 | |a Nguyễn Thị Kim Oanh |d 23/09/2011 | ||
| OWN | |a LSP | ||
| AVA | |a UDN50 |b LSP |d 306.09591 Đôi |e available |t Error 5001 Not defined in file expand_doc_bib_avail. |f 1 |g 0 |h N |i 0 |k 1 | ||
| 999 | |a From the UDN01 | ||
| AVA | |a UDN50 |b LSP |d 306.09591 Đôi |e available |t Error 5001 Not defined in file expand_doc_bib_avail. |f 1 |g 0 |h N |i 0 |k 1 | ||
| TYP | |a Monograph | ||
| TYP | |a Printed language | ||
| 980 | |a Mạng thư viện Đại học Đà Nẵng | ||